| 000 | 00723nam a2200241 a 4500 | ||
|---|---|---|---|
| 005 | 20241113063713.0 | ||
| 008 | 010926s2000 r 000 0 eng d | ||
| 020 | _a8487520804 | ||
| 035 | _aUPN01000112107 | ||
| 049 | _aCG | ||
| 050 | 4 |
_aRC1235 _bN3.2 |
|
| 100 | 1 | _aNaranjo Orellana, José | |
| 245 | 1 | 0 |
_aBases fisiológicas del entrenamiento deportivo / _cJosé Naranjo Orellana, Ramón A. Centeno Prada. |
| 260 |
_aSevilla, Esp. : _bWanceulen, _c2000. |
||
| 300 |
_a78 p. : _bfigs. |
||
| 650 | 0 |
_aDeportes _xAspectos fisiológicos _912166 |
|
| 650 | 2 |
_aEjercicio _919522 |
|
| 650 | 4 | _aFUERZA MUSCULAR | |
| 700 | 1 |
_aCenteno Prada, Ramón A., _ecoaut. |
|
| 901 | _a185233 | ||
| 902 | _aMMA/gsm | ||
| 905 | _aLibro | ||
| 999 |
_c86015 _d86015 |
||